Komparatívna analýza zdaňovania podnikateľských účtovných jednotiek a neziskových účtovných jednotiek diplomová práca

Enregistré dans:
Détails bibliographiques
Auteur principal: Nemkyová, Bibiana
Collectivité auteur: Fakulta hospodárskej informatiky EU. Katedra účtovníctva a audítorstva
Autres auteurs: Solík, Ján
Format: Livre
Langue:slovaque
Publié: Bratislava 2011
Tags: Ajouter un tag
Pas de tags, Soyez le premier à ajouter un tag!

MARC

LEADER 00000nam a2200000 4500
001 0147112
005 20240318124733.0
041 0 |a slo 
044 |a SK 
245 1 0 |a Komparatívna analýza zdaňovania podnikateľských účtovných jednotiek a neziskových účtovných jednotiek  |b diplomová práca  |c Bibiana Nemkyová ; školiteľ: Ján Solík 
264 1 |a Bratislava  |c 2011 
300 |a 81 s. 
100 1 |a Nemkyová, Bibiana 
700 1 |a Solík, Ján 
710 2 |a Fakulta hospodárskej informatiky EU. Katedra účtovníctva a audítorstva